000
00301nam a22001337a 4500
008
170911b xxu||||| |||| 00| 0 eng d
020
_a
424621513686
041
_a
eng
080
_a
91
100
_a
42
101
_a
GEO
245
_a
THE ICONOGRAPHY OF LANDSCAPE
_c
COSGROVE.D
942
_2
udc
_c
BK
999
_c
26957
_d
26957